| 000 | 00000nas 2200000za 4500 |
| 001 | 9.864237 |
| 003 | CaOODSP |
| 005 | 20221107161504 |
| 007 | cr ||||||||||| |
| 008 | 181105d19481969oncar p oss f000#b0fre| |
| 022 | # |y0384-4595 |
| 040 | |aCaOODSP|bfre |
| 041 | |aeng|afre |
| 043 | |an-cn--- |
| 086 | 1 |aCS35-203-PDF |
| 245 | 04|aThe hardwood flooring industry |h[ressource électronique] = |bL'industrie des parquets en bois dur. |
| 246 | 11|aIndustrie des parquets en bois dur |
| 260 | |aOttawa : |bDominion Bureau of Statistics, Industry and Merchandising Division = Bureau fédéral de la statistique, Division de l'industrie et du commerce, |c[1948]-1971. |
| 300 | |av. |
| 310 | |aAnnuel |
| 362 | 0 |a1948-1969. |
| 500 | |aLégère variante dans le titre anglais. |
| 500 | |aPubl. 1960-1969 dans la coll. : Annual census of manufactures = Recensement annuel des manufactures. |
| 500 | |aÉdition numérisée de l’imprimé [par Statistique Canada] |
| 515 | |aLes livr. de 1948-1950 également num. v. 2, pt. IX-F-1; 1951-1953 également num. v. 2, pt. VIII,-F-1; 1954-1957 également num. v. 2, pt. X-F-1. |
| 546 | |aTexte en anglais et en français. |
| 550 | |aPubl. 1948-1956 par la Section des forêts; 1957-1961 par la Division de l'industrie et du commerce; 1962-1964 par la Division de l'industrie; 1965-1969 par la Division des industries manufacturières et primaires. |
| 580 | |aFait suite à : The hardwood flooring industry in Canada. |
| 580 | |aSuivi de : Hardwood flooring plants = Fabrication des parquets en bois dur. |
| 692 | 07|2gccst|aPlancher |
| 692 | 07|2gccst|aIndustrie du bois |
| 710 | 1 |aCanada. |bBureau fédéral de la statistique. |bSection des forêts. |
| 710 | 1 |aCanada. |bBureau fédéral de la statistique. |bDivision de l'industrie et du commerce. |
| 710 | 1 |aCanada. |bBureau fédéral de la statistique. |bDivision de l'industrie. |
| 710 | 1 |aCanada. |bBureau fédéral de la statistique. |bDivision des industries manufacturières et primaires. |
| 780 | 00|tThe hardwood flooring industry in Canada |w(CaOODSP)9.864222 |
| 785 | 00|tHardwood flooring plants |w(CaOODSP)9.864249 |
| 791 | |tThe hardwood flooring industry |eeng|w(CaOODSP)9.864229 |